Quaranta anys d'advocat : història del meu temps / Amadeu Hurtado història del meu temps / Amadeu Hurtado
Descripción Física:
624 p., [60] p. de làm. ; 22 cm
Materias:
Espanya -- Història -- 1894/1930
MARC
| LEADER | 00000nam a2200000Ia 4500 | ||
|---|---|---|---|
| 001 | 1688 | ||
| 008 | 160829s1969 xx 000 0 cat d | ||
| 080 | |a H-1-149 | ||
| 100 | |a Hurtado i Miró, Amadeu |9 37766 | ||
| 245 | |a Quaranta anys d'advocat : |b història del meu temps / Amadeu Hurtado | ||
| 250 | |a 2a ed. | ||
| 260 | |a Esplugues de Llobregat ; Barcelona : |b Ariel, |c 1969 | ||
| 300 | |a 624 p., [60] p. de làm. ; |c 22 cm | ||
| 650 | |a Espanya |x Història |x 1894/1930 |9 37767 | ||
| 901 | |a Arxiu | ||
| 942 | |n 1 | ||
| 952 | |0 0 |1 0 |4 0 |6 H1149 |7 1 |9 48058 |a Arxiu |b Arxiu |d 2016-12-01 |l 0 |o H-1-149 |p 1688 |r 2016-12-01 00:00:00 |w 2016-12-01 |y ARXIU | ||
| 999 | |c 51861 |d 51861 | ||